[Event "Sarajevo Bosna op 47th"]
[Site "Sarajevo"]
[Date "2017.05.18"]
[Round "8"]
[White "Eric, Jovana"]
[Black "Vajic, Goran"]
[Result "1/2-1/2"]
[WhiteElo "2237"]
[BlackElo "2295"]
[PlyCount "88"]
[EventDate "2017.05.13"]
[EventType "swiss"]
[EventRounds "9"]
[EventCountry "BIH"]
[SourceTitle "CBM 178 Extra"]
[Source "ChessBase"]
[SourceDate "2017.06.22"]
[SourceVersion "1"]
[SourceVersionDate "2017.06.22"]
[SourceQuality "1"]

1. e4 e5 2. Nf3 Nf6 3. d4 Nxe4 4. Bd3 d5 5. dxe5 Nc5 6. Be2 Nc6 7. Be3 Be6 8. Nc3 Nd7 9. Bf4 Bb4 10. 0-0 Bxc3 11. bxc3 0-0 12. Rb1 Nb6 13. Bd3 Ne7 14. Ng5 Bf5 15. Bxf5 Nxf5 16. Qd3 g6 17. g4 Ng7 18. Qh3 h5 19. gxh5 Nxh5 20. e6 Qf6 21. exf7+ Rxf7 22. Be3 Re7 23. Qg2 Qf5 24. Rbd1 c6 25. Rd4 Nd7 26. Rh4 Ndf6 27. Nf3 Re4 28. Nd4 Qd7 29. Qxg6+ Qg7 30. Qxg7+ Kxg7 31. Rxe4 Nxe4 32. Rb1 Nd6 33. Ne6+ Kf7 34. Ng5+ Kf6 35. h4 b6 36. Re1 Kf5 37. f3 Re8 38. Kf2 Nc4 39. Nf7 Kg6 40. Ng5 Kf5 41. Bc1 Rxe1 42. Kxe1 Ne5 43. Kf2 c5 44. Be3 Nf6 1/2-1/2